AS Roma Squad 2018-2019 - Statistics

General Stats
  • This quiz has been taken 148 times
    141 since last reset
  • The average score is 19 of 26
Answer Stats
Ruolo Giocatore Nazionalità % Correct
ST Edin Džeko Bosnia
95%
GK Robin Olsen Sweden
92%
CB Kostas Manolas Greece
90%
CM/RB Alessandro Florenzi Italy
88%
CB Federico Fazio Argentina
86%
LB Aleksandar Kolarov Serbia
85%
W Cengiz Ünder Turkey
85%
ST Patrick Schick Czech Rep
83%
W Justin Kluivert Netherlands
80%
RB Rick Karsdorp Netherlands
80%
W Diego Perotti Argentina
78%
CM Daniele De Rossi Italy
77%
CB Juan Jesus Brazil
77%
CM Lorenzo Pellegrini Italy
76%
LB Luca Pellegrini Italy
76%
W Stephan El Shaarawy Italy
74%
GK Antonio Mirante Italy
71%
CM Bryan Cristante Italy
68%
CAM Javier Pastore Argentina
67%
CM Steven Nzonzi France
67%
CAM Nicolò Zaniolo Italy
61%
CM Ante Ćorić Croatia
57%
GK Daniel Fuzato Brazil
55%
RB Davide Santon Italy
47%
CB Iván Marcano Spain
43%
CB William Bianda France
26%
No matching quizzes found
Score Distribution
Percent of People with Each Score
Percentile by Number Answered
Your Score History
You have not taken this quiz since the last reset